Tập bài giảng pháp luật môi trường trong kinh doanh

Cuốn sách trang bị hệ thống kiến thức về pháp luật môi trường trong kinh doanh cho các sinh viên luật - những người trực tiếp xây dựng pháp luật, thực thi và giám sát thực thi pháp luật trong tương lai, góp cung cấp kiến thức và kĩ năng t...

وصف كامل

محفوظ في:
التفاصيل البيبلوغرافية
المؤلف الرئيسي: Nguyễn Văn Phương (Chủ biên)
مؤلفون آخرون: Vũ Thu Hạnh, Vũ Thị Duyên Thủy, Lưu Ngọc Tố Tâm
التنسيق: كتاب
اللغة:Vietnamese
منشور في: H. Tư pháp 2013
الموضوعات:
الوسوم: إضافة وسم
لا توجد وسوم, كن أول من يضع وسما على هذه التسجيلة!
Thư viện lưu trữ: Thư viện Trường Đại học Nam Cần Thơ
LEADER 02046nam a22002897a 4500
001 NCT_66742
008 190814b xxu||||| |||| 00| 0 vie d
999 |c 3225  |d 3225 
020 |c 46000 
082 0 4 |2 23rd ed.  |a 344.597046  |b Ph561 
100 1 |a Nguyễn Văn Phương  |e Chủ biên 
245 1 0 |a Tập bài giảng pháp luật môi trường trong kinh doanh  |c Nguyễn Văn Phương (chủ biên); Vũ Thu Hạnh, Vũ Thị Duyên Thủy 
260 |a H.  |b Tư pháp  |c 2013 
300 |a 351 tr.   |c 21cm 
500 |a ĐTTS ghi: Trường Đại học luật Hà Nội 
520 3 |a Cuốn sách trang bị hệ thống kiến thức về pháp luật môi trường trong kinh doanh cho các sinh viên luật - những người trực tiếp xây dựng pháp luật, thực thi và giám sát thực thi pháp luật trong tương lai, góp cung cấp kiến thức và kĩ năng toàn diện cho sinh viên.  
653 |a Luật học 
700 1 |a Vũ Thu Hạnh 
700 1 |a Vũ Thị Duyên Thủy 
700 1 |a Lưu Ngọc Tố Tâm 
942 |2 ddc  |c BK 
952 |0 0  |1 0  |2 ddc  |4 0  |6 344_597046000000000_PH561  |7 0  |9 17407  |a 000001  |b 000001  |d 2019-08-14  |o 344.597046 Ph561  |p MD.15580  |r 2019-08-14  |v 46000.00  |w 2019-08-14  |y BK 
952 |0 0  |1 0  |2 ddc  |4 0  |6 344_597046000000000_PH561  |7 0  |9 17408  |a 000001  |b 000001  |d 2019-08-14  |o 344.597046 Ph561  |p MD.15581  |r 2019-08-14  |v 46000.00  |w 2019-08-14  |y BK 
952 |0 0  |1 0  |2 ddc  |4 0  |6 344_597046000000000_PH561  |7 0  |9 17409  |a 000001  |b 000001  |d 2019-08-14  |o 344.597046 Ph561  |p MD.15582  |r 2019-08-14  |v 46000.00  |w 2019-08-14  |y BK 
952 |0 0  |1 0  |2 ddc  |4 0  |6 344_597046000000000_PH561  |7 0  |9 17410  |a 000001  |b 000001  |d 2019-08-14  |l 2  |o 344.597046 Ph561  |p MD.15583  |r 2021-01-19  |s 2021-01-11  |v 46000.00  |w 2019-08-14  |y BK 
952 |0 0  |1 0  |2 ddc  |4 0  |6 344_597046000000000_PH561  |7 0  |9 18092  |a 000001  |b 000001  |d 2019-10-11  |o 344.597046 Ph561  |p MD.15584  |r 2019-10-11  |v 46000.00  |w 2019-10-11  |y BK 
980 |a Thư viện Trường Đại học Nam Cần Thơ